Diversidad cultural en la enseñanza de las ciencias en Colombia / (Registro nro. 262227)

Detalles MARC
000 -LEADER
fixed length control field 03399nam a2200553 i 4500
001 - CONTROL NUMBER
control field DIGUVALLE191
003 - CONTROL NUMBER IDENTIFIER
control field NyNyDIG
008 - FIXED-LENGTH DATA ELEMENTS--GENERAL INFORMATION
fixed length control field 210104s2019 ck a ob 000 0 spa d
006 - FIXED-LENGTH DATA ELEMENTS--ADDITIONAL MATERIAL CHARACTERISTICS
fixed length control field m o d
007 - PHYSICAL DESCRIPTION FIXED FIELD--GENERAL INFORMATION
fixed length control field cr |||||||||||
035 ## - SYSTEM CONTROL NUMBER
System control number (OCoLC)1179160512
040 ## - CATALOGING SOURCE
Original cataloging agency DGITA
Language of cataloging eng
Description conventions rda
-- pn
Transcribing agency DGITA
020 ## - INTERNATIONAL STANDARD BOOK NUMBER
International Standard Book Number 9789587659597
Qualifying information eBook
-- pdf
020 ## - INTERNATIONAL STANDARD BOOK NUMBER
International Standard Book Number 9587659597
Qualifying information eBook
-- pdf
020 ## - INTERNATIONAL STANDARD BOOK NUMBER
Canceled/invalid ISBN 9789587659580
020 ## - INTERNATIONAL STANDARD BOOK NUMBER
Canceled/invalid ISBN 9587659589
043 ## - GEOGRAPHIC AREA CODE
Geographic area code s-ck---
050 14 - LIBRARY OF CONGRESS CALL NUMBER
Classification number LB1585.5.C7 ebook
245 00 - TITLE STATEMENT
Title Diversidad cultural en la enseñanza de las ciencias en Colombia /
Statement of responsibility, etc. Edwin Germán García, Ruby Guerrero Sevillano, Mary Cruz Castro, Yovana Alexandra Grajales, Martha Lucía Castillo, Jesús G. Carabalí [editores]
250 ## - EDITION STATEMENT
Edition statement Primera edición.
264 #1 - PRODUCTION, PUBLICATION, DISTRIBUTION, MANUFACTURE, AND COPYRIGHT NOTICE
Place of production, publication, distribution, manufacture Cali, Colombia :
Name of producer, publisher, distributor, manufacturer Universidad del Valle, Programa Editorial,
Date of production, publication, distribution, manufacture, or copyright notice [2019]
300 ## - PHYSICAL DESCRIPTION
Extent 1 online resource :
Other physical details illustrations.
336 ## - CONTENT TYPE
Content type term text
Content type code txt
Source rdacontent
337 ## - MEDIA TYPE
Media type term computer
Media type code c
Source rdamedia
338 ## - CARRIER TYPE
Carrier type term online resource
Carrier type code cr
Source rdacarrier
347 ## - DIGITAL FILE CHARACTERISTICS
File type text file
Source rdaft
347 ## - DIGITAL FILE CHARACTERISTICS
Encoding format PDF
490 1# - SERIES STATEMENT
Series statement Colección Educación y pedagogía
504 ## - BIBLIOGRAPHY, ETC. NOTE
Bibliography, etc. note Includes bibliographical references.
505 0# - FORMATTED CONTENTS NOTE
Formatted contents note Psicología cultural y enseñanza de las ciencias / Martha Lucía Castillo, Edwin Germán García -- Etnoeducación popular : contrarrestando prejuicios raciales en la escuela / Jesús Carabalí -- Los saberes tradicionales en el aula de ciencia / Ruby Stella Guerrero -- Resignificación de saberes ancestrales en la escuela / Mary Cruz Castro Quintero -- Reflexiones sobre la enseñanza de las ciencias naturales y la percepción de páramo : relación entre la diversidad cultural y la enseñanza de las ciencias naturales / Yovana Alexandra Grajales Fonseca -- Un análisis crítico del discurso de docentes en ciencias naturales de una institución etnoeducativa / Juan David González -- Los usos del vinagre en el diálogo de saberes en la escuela Nasa / Claudio Patricia Millán, Francy Elena Tálaga -- La marimba de chonta : una mirada desde lo científico, ancestral y cultural / Mayerlin Realpe, María Paula López, Andrés Felipe López -- Saberes y tradiciones del pueblo Misak en relación con el conocimiento científico escolar / Floro Alberto Tunubalá
588 0# - SOURCE OF DESCRIPTION NOTE
Source of description note Online resource; title from PDF title page (Digitalia, viewed January 5, 2021)
650 #0 - SUBJECT ADDED ENTRY--TOPICAL TERM
Topical term or geographic name entry element Science
General subdivision Study and teaching
Geographic subdivision Colombia.
650 #0 - SUBJECT ADDED ENTRY--TOPICAL TERM
Topical term or geographic name entry element Multicultural education
Geographic subdivision Colombia.
650 #0 - SUBJECT ADDED ENTRY--TOPICAL TERM
Topical term or geographic name entry element Ethnoscience
General subdivision Study and teaching
Geographic subdivision Colombia.
655 #0 - INDEX TERM--GENRE/FORM
Genre/form data or focus term Electronic books.
700 1# - ADDED ENTRY--PERSONAL NAME
Personal name García, Edwin Germán,
Relator term editor.
700 1# - ADDED ENTRY--PERSONAL NAME
Personal name Guerrero Sevillano, Ruby,
Relator term editor.
700 1# - ADDED ENTRY--PERSONAL NAME
Personal name Castro, Mary Cruz,
Relator term editor.
700 1# - ADDED ENTRY--PERSONAL NAME
Personal name Grajales, Yovana Alexandra,
Relator term editor.
700 1# - ADDED ENTRY--PERSONAL NAME
Personal name Castillo, Martha Lucía,
Relator term editor.
700 1# - ADDED ENTRY--PERSONAL NAME
Personal name Carabalí, Jesús G.,
Relator term editor.
791 2# -
-- Digitalia (Firm),
-- distributor.
793 0# -
-- Digitalia eBook Collection:
-- Universidad del Valle
776 08 - ADDITIONAL PHYSICAL FORM ENTRY
Relationship information Print version:
Title Diversidad cultural en la enseñanza de las ciencias en Colombia.
Edition Primera edición.
Place, publisher, and date of publication Cali, Colombia : Universidad del Valle, Programa Editorial, mayo de 2019
International Standard Book Number 9789587659580
Record control number (OCoLC)1130289261
830 #0 - SERIES ADDED ENTRY--UNIFORM TITLE
Uniform title Colección Educación y pedagogía (Cali, Colombia)
856 40 - ELECTRONIC LOCATION AND ACCESS
Materials specified Digitalia Hispánica
Uniform Resource Identifier <a href="https://www.digitaliapublishing.com/a/68177/">https://www.digitaliapublishing.com/a/68177/</a>
910 ## - USER-OPTION DATA (OCLC)
User-option data Premium collection: 2021
942 ## - ADDED ENTRY ELEMENTS (KOHA)
Koha item type Recurso Electrónico
Existencias
Withdrawn status Lost status Damaged status Not for loan Collection Home library Current library Date acquired Total checkouts Date last seen Price effective from Koha item type
        Digitalia Ebooks Hispanica Biblioteca Digital UIN Biblioteca Digital UIN 04/25/2025   04/25/2025 04/25/2025 Recurso Electrónico

CONTACTO


NOSOTROS


SITIOS DE INTERES

coordinacion.biblioteca.biblioteca@unienlinea.mx Misión, Visión y Objetivos Bases de datos
Directorio Bibliotecas Digitales y Repositorios
Normatividad Revistas y artículos
Convenios interbibliotecarios
Boletines



Hecho en México. Universidad Insurgentes (UIN). Todos los derechos reservados 2024. Esta página y sus contenidos pueden ser reproducidos con fines no lucrativos, siempre y cuando no se mutile, se cite la fuente completa y su dirección electrónicas. De otra forma requiere permiso previo por escrito de la institución




2024 Copyright Universidad Insurgentes | www.bibliouin.com.mx